Top 15 non-English Languages by State (California) - Statistics

General Stats
  • This quiz has been taken 40 times
    26 since last reset
  • The average score is 12 of 15
Answer Stats
Answer % Correct
Chinese
100%
Russian
100%
Spanish
100%
Arabic
96%
Japanese
96%
Hindi
91%
Tagalog
91%
Persian
87%
Korean
83%
Vietnamese
83%
Thai
70%
Armenian
65%
Mon-Khmer/Khmer/Cambodian
65%
Panjabi/Punjabi
52%
Hmong
30%
No matching quizzes found
Score Distribution
Percent of People with Each Score
Percentile by Number Answered
Your Score History
You have not taken this quiz since the last reset